000 00649nam a2200205 i 4500
001 13477
003 ES-MaACL
005 20230906150605.0
007 t|
008 980416s1991 sp ||||1| spa d
080 _a726.12(460.27 M.)
100 1 _aMartín Flores, Alfonso.
_977492
245 1 0 _aTemplo de Debod /
_c[Alfonso Martín Flores].
260 _aMadrid :
_bAyuntamiento, Concejalía de Cultura,
_c1991.
300 _a[16] p. :
_bil. ;
_c30 cm.
610 2 7 _aTemplo de Debod (Madrid)
_96936
651 _aMadrid-
_xEdificios, estructuras, etc.
_98959
710 1 _aMadrid.
_bConcejalía de Cultura.
_95574
852 _aES-MaACL
_j2152-F-7
999 _c13477
_d13477